01463nas a2200241Ia 4500001001100000003001000011008004100021040002500062041001300087100003300100210002400133222002400157245009800181250001100279260008800290300001200378310001200390362003900402500032200441501011400763520032200877650002201199R050-S0939IT-CnALBA170116c99999999xx |||||||||||| ||und|| aIT-CnALBAcIT-CnALBA aITALIANO aNOGARA GIUSEPPE, ARCIVESCOVO aLA SCUOLA CATTOLICA aLA SCUOLA CATTOLICA 0aLA SCUOLA CATTOLICA. SETTEMBRE DICEMBRE 1911. VOL. III. DELLA FACOLTÀ TEOLOGICA DI MILANO.  a1a ed. a MONZAbARTIGIANELLI SCUOLA TIPOGR. c1911 [1° Ed.:1911 - Ed.Ling.Originale: 1911] a627 p.  aMENSILE aFascicolo: 10-12 / Anno: 39 (1911) aPIOVANO G. CELLINI A. PASTE R. DUCHESNE. INEMARRANZA BIBLICA. LA RIFORMA DEI SEMINARI IN ITALIA. SECONDO LA MENTE DI PIO X. LA SCUOLA LAMENNESIANA. IL MESSAGGIO DI GESÙ AI SAMARITANI EBREI GENTILI. LETTERA DI NPTKERO BALBULO A LUITVARDO VESCOVO DI VERCELLI. RIVISTA DELLE RIVISTE. BIBLIOGRAFIA. NOTE E DISCUSSIONI.  aSocietà San Paolo EM - Piazza San Paolo, 14 - 12051 ALBA (CN) (non commercial uses only) ® Copyright 2017 aPIOVANO G. CELLINI A. PASTE R. DUCHESNE. INEMARRANZA BIBLICA. LA RIFORMA DEI SEMINARI IN ITALIA. SECONDO LA MENTE DI PIO X. LA SCUOLA LAMENNESIANA. IL MESSAGGIO DI GESÙ AI SAMARITANI EBREI GENTILI. LETTERA DI NPTKERO BALBULO A LUITVARDO VESCOVO DI VERCELLI. RIVISTA DELLE RIVISTE. BIBLIOGRAFIA. NOTE E DISCUSSIONI.  aSCIENZE RELIGIOSE